000 01251cam a2200301 a 4500
001 000013893
003 UkOxU
005 20200929163405.0
008 800625s1946 sp 001 0 spa
035 _aOCLC ocm06460271 from D971111M
040 _aDO-SdBNP
_cFDA
_dFDA
_dSER
_dEQO
090 _aF2210
_b.A38
082 _annn
_bA267s
100 1 _aAgia, Miguel,
_d1563-1604
_931478
245 1 0 _aServidumbres personales de indios /
_cMiguel Agia ; edición Francisco Javier de Ayala.
260 _aSevilla :
_bTalleres de Imprenta y Litografía,
_c1946.
300 _a141 p. : ;
_c25 cm.
490 1 _aPublicaciones de la escuela de estudios hispano americanos de Sevilla
_v25
490 1 _a7a Reediciones
_v1
650 0 _aIndians of south america
_xLaw and legislation.
_931479
650 0 _aIndians of south america
_xLegal status, laws, etc.
_931480
700 1 _aAyala, Francisco Javier de
_eed.
_931481
810 2 _aEscuela de Estudios Hispano-Americanos (Consejo Superior de Investigaciones Científicas).
_tPublicaciones ;
_v25.
_931482
830 0 _aPublicaciones de la escuela de estudios hispano americanos de Sevilla ;
_v25
_931483
830 0 _a7a Reediciones ;
_v1
_931484
910 _aCatalogación por copia / Oxford
049 _aBNGR
999 _c13499
_d13499